| 000 | 00562nam a2200193Ia 4500 | ||
|---|---|---|---|
| 003 | GCL | ||
| 008 | 140319s9999 xx 000 0 ara d | ||
| 040 |
_aGCL / _cGCL |
||
| 082 | 0 | 4 |
_a170.202 _bل ر |
| 100 | 1 | _aمنى ابوسنه | |
| 245 | 1 | 0 |
_aرسالة فى التسامح / _cمنى ابوسنه |
| 700 | 1 | _aارنو، جون لوك | |
| 300 | _a69 ص | ||
| 490 |
_aالمشروع القومى للترجمة _v0 |
||
| 650 | 0 | 4 | _aالاخلاق |
| 650 | 0 | 4 | _aالتسامح الدينى |
| 650 | 0 | 4 | _aالاخلاق المسيحية |
| 942 |
_2ddc _cBK |
||
| 999 |
_c52144 _d52144 |
||